[Event "M.Chigorin Memorial 2014"]
[Site "St. Petersburg"]
[Date "2014.10.19"]
[Round "2.26"]
[White "Gabrielian, Artur"]
[Black "Dauletova, Gulmira"]
[Result "1-0"]
[WhiteElo "2557"]
[BlackElo "2293"]
[PlyCount "100"]
[EventDate "2014.10.18"]
[EventType "swiss"]
[EventCountry "RUS"]

1. e4 c5 2. Nf3 e6 3. d3 Nc6 4. g3 d6 5. Bg2 Nf6 6. O-O Be7 7. Re1 e5 8. c3 O-O
9. h3 b6 10. d4 Ba6 11. d5 Nb8 12. b3 b5 13. a4 bxa4 14. Rxa4 Nfd7 15. c4 Nb6
16. Ra2 Bc8 17. Na3 Bd7 18. Bd2 Qc8 19. Kh2 a6 20. Nc2 Qb7 21. Ne3 Nc8 22. Qc2
Bd8 23. Rea1 Ne7 24. Nh4 Qc8 25. b4 Bb6 26. b5 Qc7 27. f4 f6 28. fxe5 fxe5 29.
Nhf5 Nxf5 30. exf5 Ra7 31. bxa6 Qc8 32. Rb1 Bd8 33. Qd1 Nxa6 34. Rba1 Ra8 35.
Be4 Nc7 36. Rxa8 Nxa8 37. Qh5 Be8 38. Qe2 Nc7 39. Qd3 Kh8 40. Rf1 Bg5 41. h4
Bd8 42. Ng2 Qa6 43. f6 Bxf6 44. Bxh7 Qa2 45. Be4 Bh5 46. Qc3 Be2 47. Rc1 Qa4
48. Ne3 Qd7 49. Re1 Bh5 50. Rf1 Rb8 1-0

[Event "M.Chigorin Memorial 2014"]
[Site "St. Petersburg"]
[Date "2014.10.19"]
[Round "2.27"]
[White "Yeletsky, Ivan"]
[Black "Lintchevski, Daniil"]
[Result "1/2-1/2"]
[WhiteElo "2284"]
[BlackElo "2555"]
[PlyCount "50"]
[EventDate "2014.10.18"]
[EventType "swiss"]
[EventCountry "RUS"]

1. e4 c5 2. Nf3 e6 3. d4 cxd4 4. Nxd4 Nf6 5. Nc3 Nc6 6. Be2 Bb4 7. O-O Bxc3 8.
bxc3 Nxe4 9. Bd3 d5 10. Ba3 Qa5 11. Nb5 a6 12. Nd6+ Nxd6 13. Bxd6 Qd8 14. Ba3
e5 15. Qh5 Be6 16. f4 exf4 17. Rab1 Qa5 18. Bd6 O-O-O 19. Bxf4 d4 20. Qf3 Rd5
21. c4 Rc5 22. Bd6 Rd8 23. Bxc5 Qxc5 24. Kh1 g6 25. Qf6 Rd7 1/2-1/2

[Event "M.Chigorin Memorial 2014"]
[Site "St. Petersburg"]
[Date "2014.10.19"]
[Round "2.28"]
[White "Rozum, Ivan"]
[Black "Stetsko, Lanita"]
[Result "0-1"]
[WhiteElo "2551"]
[BlackElo "2291"]
[PlyCount "126"]
[EventDate "2014.10.18"]
[EventType "swiss"]
[EventCountry "RUS"]

1. d4 Nf6 2. c4 e6 3. Nc3 Bb4 4. e3 O-O 5. Nge2 d5 6. a3 Be7 7. cxd5 exd5 8.
Nf4 c6 9. Bd3 Re8 10. O-O Nbd7 11. f3 Nf8 12. Bc2 Ng6 13. Nxg6 hxg6 14. b4 b5
15. e4 dxe4 16. fxe4 Be6 17. Kh1 a5 18. Rb1 axb4 19. axb4 Qd7 20. Be3 Red8 21.
Qd2 Ng4 22. Bg1 Bf6 23. Rfd1 Ne5 24. Qc1 Nc4 25. Bb3 Qb7 26. h3 Rd7 27. Ne2 g5
28. Rf1 Be7 29. Qe1 Ra3 30. Nc1 g4 31. h4 Qb8 32. Nd3 Qd8 33. Bf2 g3 34. Bxg3
Rxd4 35. Nf4 Rxb3 36. Rxb3 Nd2 37. Nxe6 fxe6 38. Rb1 Nxf1 39. Qxf1 Rxb4 40. Rc1
Rxe4 41. Qf3 Qd5 42. Rd1 Qf5 43. Qc3 c5 44. Qa5 b4 45. Qb5 c4 46. Qe8+ Bf8 47.
Rd8 e5 48. Qc6 Rg4 49. Bf2 Kh7 50. Qe8 Rf4 51. Bg3 Rf1+ 52. Kh2 c3 53. Qc6 c2
54. Rxf8 Qxf8 55. Qxc2+ Qf5 56. Qc7 e4 57. Be5 Qg4 58. Qe7 e3 59. Bxg7 Qf4+ 60.
g3 Qf2+ 61. Kh3 Qf5+ 62. Kh2 Rf2+ 63. Kg1 Qb1# 0-1

[Event "M.Chigorin Memorial 2014"]
[Site "St. Petersburg"]
[Date "2014.10.19"]
[Round "2.29"]
[White "Tukhaev, Adam"]
[Black "Palchun, Grigory"]
[Result "1/2-1/2"]
[WhiteElo "2551"]
[BlackElo "2284"]
[PlyCount "85"]
[EventDate "2014.10.18"]
[EventType "swiss"]
[EventCountry "RUS"]

1. e4 c5 2. Nf3 Nc6 3. d4 cxd4 4. Nxd4 Nf6 5. Nc3 d6 6. Bg5 e6 7. Qd2 a6 8.
O-O-O Bd7 9. f4 h6 10. Bh4 Nxe4 11. Qe1 Nf6 12. Nf5 Qa5 13. Nxd6+ Bxd6 14. Rxd6
Qc7 15. Qd2 O-O-O 16. Be2 Ne7 17. Rd1 Nf5 18. Bxf6 gxf6 19. Rd3 Bc6 20. g3 Rxd3
21. Bxd3 Rd8 22. Qf2 Qa5 23. a3 Ne7 24. Qe2 Qc5 25. Kb1 Nd5 26. Ne4 Qe7 27. c4
Nc7 28. Nc3 Ne8 29. Qe3 Rd7 30. b4 f5 31. Qa7 Nf6 32. Nb5 axb5 33. Qa8+ Kc7 34.
cxb5 Bxb5 35. Qa5+ Kb8 36. Qxb5 Nd5 37. Rc1 Qd6 38. Be2 Rc7 39. Qe8+ Ka7 40.
Qa4+ Kb8 41. Qe8+ Ka7 42. Qa4+ Kb8 43. Qe8+ 1/2-1/2

[Event "M.Chigorin Memorial 2014"]
[Site "St. Petersburg"]
[Date "2014.10.19"]
[Round "2.30"]
[White "Leontiev, Aleksandr V"]
[Black "Lalith, Babu M.R"]
[Result "0-1"]
[WhiteElo "2281"]
[BlackElo "2547"]
[PlyCount "82"]
[EventDate "2014.10.18"]
[EventType "swiss"]
[EventCountry "RUS"]

1. c4 c5 2. Nf3 Nf6 3. Nc3 Nc6 4. d4 cxd4 5. Nxd4 e6 6. g3 Qb6 7. Nb3 Ne5 8. e4
Bb4 9. Qe2 d6 10. f4 Ng6 11. Bg2 Bd7 12. Be3 Qc7 13. Rc1 Bc6 14. Bf2 h5 15. O-O
Bxc3 16. Rxc3 e5 17. c5 d5 18. exd5 Nxd5 19. Rd3 O-O-O 20. Rfd1 Ngxf4 21. gxf4
Nxf4 22. Bh3+ Bd7 23. Bxd7+ Rxd7 24. Qe4 Rxd3 25. Rxd3 Nxd3 26. Qxd3 Qd7 27.
Qe3 Qg4+ 28. Kf1 f6 29. c6 Qc4+ 30. Ke1 Qxc6 31. Qxa7 Rd8 32. Qa8+ Kd7 33. Nc5+
Kc7 34. Qa5+ b6 35. Qa7+ Kc8 36. Qa6+ Kb8 37. Ke2 Rd6 38. Nd3 Qc2+ 39. Ke3 f5
40. Bg3 f4+ 41. Nxf4 h4 0-1

[Event "M.Chigorin Memorial 2014"]
[Site "St. Petersburg"]
[Date "2014.10.19"]
[Round "2.31"]
[White "Popov, Valerij"]
[Black "Sargissyan, Sargis"]
[Result "1-0"]
[WhiteElo "2546"]
[BlackElo "2284"]
[PlyCount "131"]
[EventDate "2014.10.18"]
[EventType "swiss"]
[EventCountry "RUS"]

1. d4 Nf6 2. c4 d6 3. Nc3 g6 4. e4 Bg7 5. Nf3 O-O 6. Be2 e5 7. O-O Nc6 8. d5
Ne7 9. a4 a5 10. Ne1 Nd7 11. Nd3 f5 12. f3 b6 13. Be3 Nc5 14. Ra3 Kh8 15. Nxc5
bxc5 16. Nb5 Ng8 17. Qe1 fxe4 18. fxe4 Rxf1+ 19. Qxf1 Bh6 20. Bf2 Kg7 21. Be1
Nf6 22. Rf3 Bg4 23. Rb3 Bd7 24. Bf3 g5 25. g3 g4 26. Bg2 Ne8 27. Rd3 Qg5 28.
Bd2 Qg6 29. Bc3 Qg5 30. Bd2 Qg6 31. Bc3 Qg5 32. Rd1 Bxb5 33. cxb5 Nf6 34. Re1
Nd7 35. Qd3 Nb6 36. Qc2 c4 37. b3 cxb3 38. Qxb3 Nd7 39. Qa2 Nc5 40. Kh1 Kg8 41.
Rf1 Nb7 42. Re1 Nc5 43. Kg1 Kg7 44. Bf1 Qg6 45. Qc2 Bg5 46. Bxe5+ dxe5 47. Qxc5
Qb6 48. Qxb6 cxb6 49. Be2 h5 50. h3 Bd2 51. Rd1 Be3+ 52. Kh1 Rc8 53. d6 Rc1 54.
Rxc1 Bxc1 55. d7 Bg5 56. h4 Bd8 57. Bc4 Kf6 58. Kg2 Ke7 59. Kf2 Bc7 60. Ke2 Bd8
61. Ke3 Bc7 62. Bg8 Bd8 63. Bh7 Kf6 64. Bf5 Bc7 65. Kd3 Kf7 66. Kc4 1-0

[Event "M.Chigorin Memorial 2014"]
[Site "St. Petersburg"]
[Date "2014.10.19"]
[Round "2.32"]
[White "Samdanov, Samdan"]
[Black "Stupak, Kirill"]
[Result "0-1"]
[WhiteElo "2278"]
[BlackElo "2545"]
[PlyCount "86"]
[EventDate "2014.10.18"]
[EventType "swiss"]
[EventCountry "RUS"]

1. d4 Nf6 2. c4 e6 3. Nc3 d5 4. cxd5 exd5 5. Bg5 Nbd7 6. e3 Bb4 7. Bd3 c5 8.
Nge2 h6 9. Bh4 c4 10. Bc2 Nb6 11. f3 Qe7 12. Qd2 Be6 13. e4 g5 14. Bf2 O-O-O
15. e5 Nh5 16. g4 Ng7 17. O-O-O f5 18. h3 Qd7 19. Rdg1 Be7 20. Kb1 a6 21. Be3
f4 22. Bxf4 gxf4 23. Qxf4 h5 24. Qg3 Rdf8 25. Nf4 Bf7 26. Nce2 Bg5 27. Ng6 Bxg6
28. Bxg6 h4 29. Qf2 Qe6 30. Bc2 Qh6 31. Rf1 Bf4 32. Rhg1 Qg5 33. Qe1 Na8 34.
Ka1 Nc7 35. Qb4 Kb8 36. Qd6 Nge6 37. Bf5 Rd8 38. Qb6 Rh6 39. Qb4 Bd2 40. Qa4
Nf4 41. Qd1 Be3 42. Rh1 Nxe2 43. Qxe2 Rb6 0-1

[Event "M.Chigorin Memorial 2014"]
[Site "St. Petersburg"]
[Date "2014.10.19"]
[Round "2.33"]
[White "Zontakh, Andrey"]
[Black "Ofitserian, Boris"]
[Result "1-0"]
[WhiteElo "2539"]
[BlackElo "2282"]
[PlyCount "77"]
[EventDate "2014.10.18"]
[EventType "swiss"]
[EventCountry "RUS"]

1. d4 d5 2. c4 e6 3. Nf3 c6 4. Qc2 dxc4 5. Qxc4 Nf6 6. Nc3 b5 7. Qd3 Nbd7 8. e4
a6 9. e5 Nd5 10. Nxd5 cxd5 11. Qe3 Be7 12. Bd3 Nb6 13. O-O h6 14. b3 Bd7 15.
Qf4 Qc7 16. Rb1 Bc6 17. Qg4 g6 18. Bd2 b4 19. Rbc1 Qd7 20. Rc2 Bb7 21. Rfc1 Rc8
22. Ne1 Rxc2 23. Rxc2 a5 24. Qe2 Kf8 25. Bb5 Qd8 26. Ba6 Qa8 27. Bxb7 Qxb7 28.
Qb5 Qa7 29. Rc6 Nd7 30. Nf3 Kg7 31. Ra6 Qc7 32. Qxa5 Qc2 33. Qb5 Nb8 34. Rb6 g5
35. h3 h5 36. Bxb4 Bxb4 37. Qxb4 g4 38. Qd2 Qg6 39. Nh4 1-0

[Event "M.Chigorin Memorial 2014"]
[Site "St. Petersburg"]
[Date "2014.10.19"]
[Round "2.34"]
[White "Ovchinnikov, Vsevolod"]
[Black "Harika, Dronavalli"]
[Result "1/2-1/2"]
[WhiteElo "2272"]
[BlackElo "2528"]
[PlyCount "65"]
[EventDate "2014.10.18"]
[EventType "swiss"]
[EventCountry "RUS"]

1. d4 Nf6 2. c4 e6 3. Nf3 d5 4. g3 dxc4 5. Bg2 Bd7 6. Ne5 Bc6 7. Nxc6 Nxc6 8.
O-O Qd7 9. Nc3 Nxd4 10. Bxb7 Rb8 11. Bg2 Be7 12. e3 Nb5 13. Qc2 O-O 14. Rd1 Qe8
15. Bd2 Nxc3 16. Bxc3 Qb5 17. Rd4 Nd5 18. Bxd5 exd5 19. Qf5 g6 20. Qxd5 Qxd5
21. Rxd5 Bb4 22. Rd4 Bxc3 23. bxc3 Rb2 24. Rxc4 Rd8 25. Rd4 Rdb8 26. a4 Rc2 27.
Rc4 Rbb2 28. Rf1 Ra2 29. Kg2 Ra3 30. Rb1 Raa2 31. Rf1 Ra3 32. Rb1 Raa2 33. Rf1
1/2-1/2

[Event "M.Chigorin Memorial 2014"]
[Site "St. Petersburg"]
[Date "2014.10.19"]
[Round "2.35"]
[White "Batchuluun, Tsegmed"]
[Black "Sichinava, Zviad"]
[Result "1-0"]
[WhiteElo "2523"]
[BlackElo "2275"]
[PlyCount "97"]
[EventDate "2014.10.18"]
[EventType "swiss"]
[EventCountry "RUS"]

1. d4 Nf6 2. c4 c5 3. d5 b5 4. cxb5 a6 5. bxa6 Bxa6 6. Nc3 g6 7. e4 Bxf1 8.
Kxf1 d6 9. Nf3 Bg7 10. g3 O-O 11. Kg2 Nbd7 12. a4 Ra6 13. Qc2 Qa8 14. Ra3 e6
15. dxe6 fxe6 16. Re1 d5 17. exd5 exd5 18. Nb5 Qb7 19. Ng5 Ng4 20. f4 d4+ 21.
Qe4 Qxe4+ 22. Rxe4 Rc8 23. Re6 Raa8 24. h3 Ngf6 25. Bd2 Nd5 26. Rd6 N7b6 27.
Ne6 Bf8 28. Nxf8 Kxf8 29. f5 Rd8 30. fxg6 Rxd6 31. Nxd6 hxg6 32. b3 Ke7 33. Nb5
Nd7 34. Ra1 Ra6 35. Re1+ Kf7 36. g4 N5b6 37. a5 Nd5 38. Kf3 Rf6+ 39. Kg3 Ra6
40. Kf3 Rf6+ 41. Kg3 Ra6 42. h4 N5f6 43. Kf3 Nd5 44. g5 Nb4 45. Bxb4 cxb4 46.
Nxd4 Rxa5 47. Nc6 Rf5+ 48. Kg4 Nc5 49. Ne5+ 1-0

[Event "M.Chigorin Memorial 2014"]
[Site "St. Petersburg"]
[Date "2014.10.19"]
[Round "2.36"]
[White "Pridorozhni, Aleksei"]
[Black "Shemeakin, Alexander"]
[Result "1-0"]
[WhiteElo "2514"]
[BlackElo "2270"]
[PlyCount "89"]
[EventDate "2014.10.18"]
[EventType "swiss"]
[EventCountry "RUS"]

1. e4 e6 2. d4 d5 3. Nc3 Nf6 4. Bg5 dxe4 5. Nxe4 Nbd7 6. Nf3 h6 7. Nxf6+ Nxf6
8. Be3 Nd5 9. Bd2 c5 10. Bb5+ Bd7 11. Bxd7+ Qxd7 12. c4 Nb6 13. Rc1 Rc8 14.
dxc5 Rxc5 15. Qe2 Qc7 16. O-O Nxc4 17. Bb4 Rc6 18. Bxf8 Kxf8 19. Nd4 Qe5 20.
Qxe5 Nxe5 21. Nxc6 Nxc6 22. b4 a6 23. a4 g5 24. b5 axb5 25. axb5 Nd4 26. Rc8+
Kg7 27. Rxh8 Kxh8 28. b6 Kg7 29. Ra1 Nb3 30. Ra7 Nc5 31. f3 Kf6 32. Kf2 h5 33.
Ke3 Ke5 34. Ra5 Kd5 35. f4 g4 36. Ra8 Nd7 37. Rh8 Nxb6 38. Rxh5+ Kc4 39. h4
Nd5+ 40. Kd2 Nxf4 41. Rg5 f5 42. g3 Nh3 43. Rg6 Nf2 44. h5 f4 45. gxf4 1-0

[Event "M.Chigorin Memorial 2014"]
[Site "St. Petersburg"]
[Date "2014.10.19"]
[Round "2.37"]
[White "Miroshnichenko, Pavel"]
[Black "Predke, Alexandr"]
[Result "0-1"]
[WhiteElo "2270"]
[BlackElo "2511"]
[PlyCount "98"]
[EventDate "2014.10.18"]
[EventType "swiss"]
[EventCountry "RUS"]

1. e4 c6 2. d4 d5 3. e5 Bf5 4. Nf3 e6 5. Be2 Ne7 6. O-O Bg6 7. c4 dxc4 8. Bxc4
Nd7 9. Nc3 Nb6 10. Be2 Ned5 11. Bg5 Be7 12. Qd2 Qd7 13. a3 O-O 14. Nxd5 Nxd5
15. Rac1 a5 16. Rfd1 Rfd8 17. Bxe7 Nxe7 18. Qf4 Qd5 19. Bc4 Qe4 20. Qg5 Nd5 21.
Bd3 Qf4 22. Bxg6 hxg6 23. Qxf4 Nxf4 24. Kf1 a4 25. Ng5 Ra5 26. g3 Nd5 27. Ne4
Rb5 28. Rd2 Kf8 29. Ke2 Ke7 30. Nc5 Ra8 31. Rc4 Nb6 32. Rc3 g5 33. Rc1 Nd7 34.
Ne4 f6 35. f4 Rh8 36. Kf3 gxf4 37. gxf4 Rh3+ 38. Kg2 Rbb3 39. Ng3 Rh4 40. f5
fxe5 41. dxe5 Nxe5 42. Re1 Rxh2+ 43. Kxh2 Nf3+ 44. Kh3 Nxe1 45. Re2 Nd3 46.
Rxe6+ Kf7 47. Kh4 g5+ 48. Kxg5 Nc5 49. Rf6+ Ke7 0-1

[Event "M.Chigorin Memorial 2014"]
[Site "St. Petersburg"]
[Date "2014.10.19"]
[Round "2.38"]
[White "Levin, Evgeny A"]
[Black "Turikov, Viktor"]
[Result "1-0"]
[WhiteElo "2507"]
[BlackElo "2269"]
[PlyCount "65"]
[EventDate "2014.10.18"]
[EventType "swiss"]
[EventCountry "RUS"]

1. d4 b6 2. e4 Bb7 3. Nc3 e6 4. Bd3 Nf6 5. Nge2 d6 6. O-O Be7 7. f4 a6 8. e5
Nd5 9. Nxd5 Bxd5 10. Ng3 g6 11. Be3 Nd7 12. Qe2 Bb7 13. Rad1 b5 14. b3 b4 15.
Bd2 a5 16. f5 gxf5 17. Bxf5 Nb6 18. Be4 Bxe4 19. Nxe4 Qd7 20. Rxf7 Qc6 21. Rg7
h5 22. exd6 cxd6 23. Bg5 Ra7 24. Rf1 Nd5 25. Bxe7 Rxe7 26. Rxe7+ Kxe7 27. Ng5
Rh6 28. Rf7+ Ke8 29. Qf2 Kd8 30. h3 Nc7 31. Rf8+ Ne8 32. Nf7+ Ke7 33. Nxh6 1-0

[Event "M.Chigorin Memorial 2014"]
[Site "St. Petersburg"]
[Date "2014.10.19"]
[Round "2.39"]
[White "Solovyov, Viktor"]
[Black "Airapetian, Gor"]
[Result "1/2-1/2"]
[WhiteElo "2266"]
[BlackElo "2502"]
[PlyCount "139"]
[EventDate "2014.10.18"]
[EventType "swiss"]
[EventCountry "RUS"]

1. Nf3 d5 2. d4 Nf6 3. c4 c6 4. Qc2 dxc4 5. Qxc4 Bf5 6. g3 e6 7. Bg2 Nbd7 8.
O-O Be7 9. Qb3 Qb6 10. Nbd2 O-O 11. Nc4 Qa6 12. Bf4 Nb6 13. Bd6 Qxc4 14. Qxc4
Nxc4 15. Bxe7 Rfe8 16. Bxf6 gxf6 17. Rfc1 Nb6 18. Nd2 e5 19. dxe5 fxe5 20. Ne4
Bxe4 21. Bxe4 Rad8 22. Kf1 Rd4 23. Bc2 Red8 24. Ke1 Kg7 25. e3 R4d6 26. Rd1 Nc4
27. Rxd6 Rxd6 28. b3 Nb6 29. Rc1 h6 30. Ke2 Kf6 31. Be4 Ke6 32. g4 Nd5 33. h4
f6 34. Bf5+ Ke7 35. a3 Rd8 36. Be4 Ke6 37. Bd3 Ke7 38. b4 Rc8 39. Be4 Nc7 40.
Bd3 a6 41. Rg1 Ne6 42. Bf5 Ra8 43. Rb1 Nc7 44. Rd1 Nd5 45. Kf3 Rd8 46. Rc1 Nc7
47. Ke2 a5 48. Bd3 axb4 49. axb4 Ra8 50. b5 e4 51. Bxe4 Nxb5 52. Bd3 Nc7 53. f4
Ne6 54. Bc4 Ra5 55. Bd3 Ra2+ 56. Kf3 Ra3 57. Bc4 Nd4+ 58. Ke4 Nb3 59. Bxb3 Rxb3
60. g5 fxg5 61. fxg5 hxg5 62. hxg5 Ke6 63. Kf4 Rb2 64. Rh1 Rf2+ 65. Ke4 Rg2 66.
Rh6+ Kd7 67. Rh7+ Ke6 68. Rh6+ Kd7 69. Rh7+ Ke6 70. Rh6+ 1/2-1/2

[Event "M.Chigorin Memorial 2014"]
[Site "St. Petersburg"]
[Date "2014.10.19"]
[Round "2.40"]
[White "Ulko, Jaroslav"]
[Black "Davletbayeva, Madina"]
[Result "1-0"]
[WhiteElo "2489"]
[BlackElo "2263"]
[PlyCount "67"]
[EventDate "2014.10.18"]
[EventType "swiss"]
[EventCountry "RUS"]

1. d4 Nf6 2. Nf3 e6 3. e3 b6 4. Bd3 Bb7 5. O-O Be7 6. c4 O-O 7. Nc3 c5 8. d5
exd5 9. cxd5 d6 10. e4 a6 11. a4 Nbd7 12. h3 Qc7 13. Bc4 Ne8 14. Bf4 Bf6 15.
Re1 Ne5 16. Nxe5 Bxe5 17. Qd2 Qd7 18. Ra3 Bxc3 19. bxc3 b5 20. axb5 axb5 21.
Rxa8 Bxa8 22. Bd3 Nc7 23. c4 bxc4 24. Bxc4 Kh8 25. Qa5 Re8 26. Qa7 Qe7 27. Re3
h6 28. Qb6 Rd8 29. e5 Nxd5 30. Bxd5 Bxd5 31. exd6 Qh4 32. Bg3 Qf6 33. Be5 Qg5
34. Rg3 1-0

[Event "M.Chigorin Memorial 2014"]
[Site "St. Petersburg"]
[Date "2014.10.19"]
[Round "2.41"]
[White "Molchanova, Tatjana"]
[Black "Matsenko, Sergei"]
[Result "0-1"]
[WhiteElo "2265"]
[BlackElo "2485"]
[PlyCount "140"]
[EventDate "2014.10.18"]
[EventType "swiss"]
[EventCountry "RUS"]

1. e4 e6 2. d4 d5 3. Nd2 Nc6 4. Ngf3 Nf6 5. e5 Nd7 6. Bd3 Nb4 7. Be2 c5 8. c3
Nc6 9. O-O cxd4 10. cxd4 f6 11. exf6 Nxf6 12. Re1 Bd6 13. Nf1 O-O 14. Bd3 Qb6
15. Ng3 Bd7 16. b3 Rac8 17. Be3 Nb4 18. Bb1 Qc7 19. Re2 Bb5 20. Rd2 g6 21. a3
Nc6 22. Bd3 Bxd3 23. Rxd3 Qg7 24. b4 Ne4 25. Rc1 a5 26. b5 Ne7 27. Ng5 Nxg5 28.
Bxg5 Nf5 29. Nxf5 exf5 30. Qf3 Qf7 31. g3 Rc4 32. Re1 Rfc8 33. Kg2 a4 34. h4 h5
35. Bf4 Bf8 36. Re5 Rc2 37. Qxd5 Qxd5+ 38. Rxd5 Rb2 39. Re5 Rcc2 40. Be3 Rb3
41. Rd1 Kf7 42. Rc1 Rxc1 43. Bxc1 Rb1 44. Bf4 Bxa3 45. b6 Rxb6 46. Ra5 Ra6 47.
Rb5 b6 48. Bd2 Be7 49. Bc3 a3 50. Kf3 Ke6 51. Kf4 a2 52. Ba1 Kd6 53. f3 Kc6 54.
Rb3 Kd5 55. g4 fxg4 56. fxg4 Bxh4 57. gxh5 gxh5 58. Rh3 Bf6 59. Rxh5+ Kc4 60.
Ke4 Ra8 61. Rh2 Bxd4 62. Bxd4 Re8+ 63. Kf5 Kxd4 64. Rxa2 b5 65. Ra7 b4 66. Rb7
Kc3 67. Kf4 b3 68. Rc7+ Kd2 69. Rb7 Kc2 70. Rc7+ Kb1 0-1

[Event "M.Chigorin Memorial 2014"]
[Site "St. Petersburg"]
[Date "2014.10.19"]
[Round "2.42"]
[White "Alekseenko, Kirill"]
[Black "Melnikov, Dmitry"]
[Result "1/2-1/2"]
[WhiteElo "2483"]
[BlackElo "2260"]
[PlyCount "113"]
[EventDate "2014.10.18"]
[EventType "swiss"]
[EventCountry "RUS"]

1. e4 e5 2. Nf3 Nc6 3. Bb5 f5 4. d3 fxe4 5. dxe4 Nf6 6. O-O Bc5 7. Nc3 d6 8.
Be3 Bxe3 9. fxe3 O-O 10. Qe1 Be6 11. Ng5 Qe7 12. Qh4 g6 13. Be2 Kh8 14. a3 a6
15. Rad1 Rae8 16. Qg3 Bg8 17. Rf2 Nd7 18. Rxf8 Rxf8 19. h4 Nf6 20. Bf3 Na5 21.
b3 Nc6 22. Nd5 Qg7 23. b4 h6 24. Nxf6 Qxf6 25. Nh3 Ne7 26. Be2 Be6 27. Nf2 Kh7
28. c4 g5 29. hxg5 Qxg5 30. Qxg5 hxg5 31. c5 Rd8 32. Bg4 Bb3 33. Rd3 Ba2 34.
Rd2 Bb3 35. Bh3 Kg7 36. Rb2 Ba4 37. Be6 dxc5 38. bxc5 Bc6 39. Bc4 Ng8 40. Bxg8
Kxg8 41. Kh2 Kf7 42. Kg3 Kf6 43. Kg4 Bd7+ 44. Kf3 Bc6 45. Rb1 Rh8 46. Rd1 Ke6
47. Kg4 Kf6 48. Kg3 Ke6 49. Rf1 Rh4 50. Kf3 Ke7 51. Rd1 b5 52. cxb6 cxb6 53.
Rc1 Kd6 54. Rd1+ Ke7 55. Rc1 Kd6 56. Rd1+ Ke7 57. Rc1 1/2-1/2

[Event "M.Chigorin Memorial 2014"]
[Site "St. Petersburg"]
[Date "2014.10.19"]
[Round "2.43"]
[White "Pershin, Denis"]
[Black "Chekhov, Sergei"]
[Result "0-1"]
[WhiteElo "2263"]
[BlackElo "2474"]
[PlyCount "52"]
[EventDate "2014.10.18"]
[EventType "swiss"]
[EventCountry "RUS"]

1. e4 c6 2. d4 d5 3. exd5 cxd5 4. Bd3 Nc6 5. c3 Qc7 6. Ne2 Bg4 7. O-O e6 8. Qe1
Bxe2 9. Qxe2 Bd6 10. g3 h5 11. Bg5 Nge7 12. Nd2 f6 13. Be3 h4 14. Kg2 Qd7 15.
Nf3 O-O-O 16. Rfe1 hxg3 17. fxg3 g5 18. Bd2 e5 19. dxe5 fxe5 20. Nxg5 e4 21.
Bc2 Nf5 22. Rf1 Rxh2+ 23. Kxh2 Nxg3 24. Qg2 Nxf1+ 25. Kg1 Nxd2 26. Qxd2 Qg4+
0-1

[Event "M.Chigorin Memorial 2014"]
[Site "St. Petersburg"]
[Date "2014.10.19"]
[Round "2.44"]
[White "Matinian, Nikita"]
[Black "Isakov, Andrey"]
[Result "1-0"]
[WhiteElo "2470"]
[BlackElo "2258"]
[PlyCount "85"]
[EventDate "2014.10.18"]
[EventType "swiss"]
[EventCountry "RUS"]

1. e4 e5 2. Nf3 Nc6 3. Bb5 a6 4. Ba4 Nf6 5. O-O Be7 6. Re1 b5 7. Bb3 d6 8. c3
O-O 9. h3 Na5 10. Bc2 c5 11. d4 Qc7 12. Nbd2 Kh8 13. Nf1 Ng8 14. Ne3 Be6 15.
dxe5 dxe5 16. Nd5 Bxd5 17. exd5 Bd6 18. Ng5 h6 19. Qd3 Nf6 20. Ne4 Nxe4 21.
Qxe4 f5 22. Qh4 e4 23. g4 Bf4 24. gxf5 Rxf5 25. Rxe4 Bxc1 26. Rxc1 Rg5+ 27. Rg4
Qf4 28. Qxg5 hxg5 29. Rxf4 gxf4 30. d6 Rd8 31. Rd1 Kg8 32. d7 Kf7 33. Bf5 g6
34. Bg4 Nc4 35. b3 Ne5 36. Rd6 Nxg4 37. hxg4 g5 38. Rd5 Ke6 39. Rxg5 Rxd7 40.
Rxc5 Rg7 41. g5 f3 42. Kh2 Kd6 43. b4 1-0

[Event "M.Chigorin Memorial 2014"]
[Site "St. Petersburg"]
[Date "2014.10.19"]
[Round "2.45"]
[White "Guzenko, Artem"]
[Black "Gordievsky, Dmitry"]
[Result "1/2-1/2"]
[WhiteElo "2258"]
[BlackElo "2455"]
[PlyCount "83"]
[EventDate "2014.10.18"]
[EventType "swiss"]
[EventCountry "RUS"]

1. c4 e5 2. a3 Nf6 3. e3 d6 4. Nc3 g6 5. Nf3 Bg7 6. d3 O-O 7. Be2 Re8 8. O-O
Nbd7 9. Qc2 Nc5 10. b4 Nxd3 11. Bxd3 e4 12. Nxe4 Nxe4 13. Bb2 Nf6 14. Rfe1 Qe7
15. h3 Nd7 16. Bxg7 Kxg7 17. Nd4 a5 18. Nb5 Ne5 19. Qc3 Kg8 20. Be2 c6 21. Nd4
Qh4 22. Nf3 Nxf3+ 23. Bxf3 Qg5 24. Kh1 Qe5 25. Qxe5 Rxe5 26. Rad1 Be6 27. b5
cxb5 28. cxb5 Rxb5 29. Rxd6 Rb3 30. Red1 Rxa3 31. Bxb7 Ra7 32. Bd5 Bxd5 33.
R1xd5 Ra2 34. Kg1 Rb7 35. Rf6 a4 36. Ra5 a3 37. g4 h6 38. Kg2 Kg7 39. Rf4 Rc7
40. h4 Rb7 41. Kg3 Ra1 42. Kg2 1/2-1/2

[Event "M.Chigorin Memorial 2014"]
[Site "St. Petersburg"]
[Date "2014.10.19"]
[Round "2.46"]
[White "Smirnov, Artem"]
[Black "Tugarin, Anton"]
[Result "1-0"]
[WhiteElo "2450"]
[BlackElo "2242"]
[PlyCount "67"]
[EventDate "2014.10.18"]
[EventType "swiss"]
[EventCountry "RUS"]

1. c4 e6 2. d4 d5 3. Nc3 c6 4. e3 Bd6 5. Nf3 f5 6. Ne5 Nf6 7. Be2 O-O 8. O-O
Nbd7 9. f4 Ne4 10. Nxe4 fxe4 11. Bd2 Qh4 12. Qb3 Nxe5 13. fxe5 Be7 14. Bb4 Bxb4
15. Qxb4 Qd8 16. Bh5 Rf5 17. Bg4 Qf8 18. Qb3 Rxf1+ 19. Rxf1 Qe7 20. Bh5 b6 21.
Qd1 g6 22. Qg4 Bd7 23. Rf6 Kh8 24. Qf4 Kg7 25. Qg5 Qe8 26. Bg4 h6 27. Qf4 Qe7
28. Bh5 Be8 29. Qg4 g5 30. Bxe8 Qxe8 31. Qh3 h5 32. Rxe6 Qf7 33. Rf6 Qe7 34.
Qxh5 1-0

[Event "M.Chigorin Memorial 2014"]
[Site "St. Petersburg"]
[Date "2014.10.19"]
[Round "2.47"]
[White "Malakhov, Igor"]
[Black "Shapiro, David"]
[Result "1/2-1/2"]
[WhiteElo "2441"]
[BlackElo "2236"]
[PlyCount "68"]
[EventDate "2014.10.18"]
[EventType "swiss"]
[EventCountry "RUS"]

1. e4 e6 2. d4 d5 3. Nc3 Bb4 4. e5 c5 5. a3 Bxc3+ 6. bxc3 Ne7 7. Qg4 Qc7 8.
Qxg7 Rg8 9. Qxh7 cxd4 10. Ne2 Nbc6 11. f4 dxc3 12. Qd3 d4 13. Nxd4 Nxd4 14.
Qxd4 Bd7 15. Be3 Nf5 16. Qc5 Qc6 17. O-O-O b6 18. Qxc6 Bxc6 19. Bd4 Rd8 20.
Bxc3 Rxd1+ 21. Kxd1 Ne3+ 22. Kc1 Nxf1 23. Rxf1 Rxg2 24. h4 Be4 25. Bd2 Rh2 26.
Rg1 Rxh4 27. Rg8+ Kd7 28. Rf8 Rh7 29. Kb2 Kc6 30. Ra8 Rh2 31. Kc3 Rh3+ 32. Kb2
Rh2 33. Kc3 Rh3+ 34. Kb2 Rh2 1/2-1/2

[Event "M.Chigorin Memorial 2014"]
[Site "St. Petersburg"]
[Date "2014.10.19"]
[Round "2.48"]
[White "Gogolev, Artem"]
[Black "Bodnaruk, Anastasia"]
[Result "1-0"]
[WhiteElo "2253"]
[BlackElo "2440"]
[PlyCount "69"]
[EventDate "2014.10.18"]
[EventType "swiss"]
[EventCountry "RUS"]

1. d4 Nf6 2. c4 g6 3. Nc3 Bg7 4. e4 d6 5. Nf3 O-O 6. Be2 e5 7. O-O Nc6 8. d5
Ne7 9. b4 Nh5 10. Re1 f5 11. Ng5 Nf6 12. f3 f4 13. c5 a5 14. Ba3 h6 15. Ne6
Bxe6 16. dxe6 Nc6 17. Bc4 Kh7 18. b5 Nd4 19. Ne2 d5 20. exd5 Nxd5 21. Nxd4 exd4
22. c6 Rf5 23. e7 Qe8 24. Bxd5 Rxd5 25. Qb3 Rf5 26. b6 cxb6 27. cxb7 Rb8 28.
Rac1 d3 29. Qxd3 Be5 30. Rc8 Rxc8 31. bxc8=Q Qxc8 32. Qd8 Qc3 33. Rd1 Bf6 34.
e8=Q Bxd8 35. Rd7+ 1-0

[Event "M.Chigorin Memorial 2014"]
[Site "St. Petersburg"]
[Date "2014.10.19"]
[Round "2.49"]
[White "Munguntuul, Batkhuyag"]
[Black "Klukin, Kirill"]
[Result "1-0"]
[WhiteElo "2433"]
[BlackElo "2234"]
[PlyCount "93"]
[EventDate "2014.10.18"]
[EventType "swiss"]
[EventCountry "RUS"]

1. d4 Nf6 2. Nf3 g6 3. Nbd2 c5 4. c3 cxd4 5. cxd4 Bg7 6. e4 d5 7. e5 Ne4 8.
Nxe4 dxe4 9. Ng5 Nc6 10. Be3 Qa5+ 11. Qd2 Qxd2+ 12. Kxd2 O-O 13. Bc4 Bf5 14.
Rhg1 Rad8 15. Kc3 Na5 16. Be2 h5 17. h3 h4 18. g4 hxg3 19. fxg3 f6 20. g4 Bd7
21. Nxe4 fxe5 22. d5 b6 23. Rac1 e6 24. b4 exd5 25. bxa5 d4+ 26. Kd2 dxe3+ 27.
Kxe3 Be6 28. axb6 axb6 29. Rc6 Bd5 30. Rxg6 Ra8 31. Rd1 Bxe4 32. Kxe4 Ra4+ 33.
Ke3 Kh7 34. Rdd6 Ra3+ 35. Bd3 e4 36. Kxe4 Rxa2 37. Ke3 Ra3 38. Rxb6 Kh8 39. Ra6
Rb3 40. Rgb6 Rc3 41. Ke2 Rd8 42. Rd6 Re8+ 43. Kd2 Rc5 44. Re6 Rd8 45. Rad6 Rb8
46. h4 Be5 47. Rd7 1-0